000 00326nam a22001337a 4500
008 171228b xxu||||| |||| 00| 0 eng d
020 _a9781587788703
041 _aeng
080 _a34
100 _a14
101 _aJUR
245 _a2006 SELECTED STANDARDS ON PROFESSIONAL RESPONSIBILITY
_cMORGAN,TH.D
942 _2udc
_cBK
999 _c39573
_d39573